[Event "Wch U12 Girls"]
[Site "Montesilvano"]
[Date "2024.11.16"]
[Round "2"]
[White "Chen, Pin I"]
[Black "Hrckova, Anna"]
[Result "0-1"]
[WhiteElo "1601"]
[BlackElo "1441"]
[PlyCount "92"]
[EventDate "2024.11.15"]
[EventType "swiss"]
[EventRounds "11"]
[EventCountry "ITA"]
[SourceTitle "CB48_2024"]
[SourceDate "2024.11.28"]
[SourceVersion "1"]
[SourceVersionDate "2024.11.28"]
[SourceQuality "1"]

1. d4 d5 2. c4 c6 3. Nf3 Nf6 4. Qb3 dxc4 5. Qxc4 Bf5 6. g3 e6 7. Bg2 Nbd7 8. 0-0 Be7 9. Nc3 0-0 10. Qb3 Qb6 11. Qxb6 axb6 12. Bf4 Ne4 13. Nxe4 Bxe4 14. Ne5 Bxg2 15. Kxg2 Nxe5 16. Bxe5 f6 17. Bf4 Rfd8 18. e3 Rd7 19. h4 h6 20. h5 b5 21. a3 Kf7 22. Rad1 b4 23. axb4 Bxb4 24. Ra1 Rdd8 25. g4 Ra5 26. Bc7 Rxa1 27. Rxa1 Rd5 28. Ra4 Rb5 29. e4 Bd2 30. Ra2 Bc1 31. Bd6 Rxb2 32. Rxb2 Bxb2 33. Bc5 b5 34. Kf3 g6 35. hxg6+ Kxg6 36. Ke3 Bc1+ 37. Kd3 f5 38. exf5+ exf5 39. gxf5+ Kxf5 40. Ke2 Kg4 41. Kf1 h5 42. Kg2 Bd2 43. f3+ Kf5 44. Ba3 Bc3 45. d5 cxd5 46. Kg3 b4 0-1

[Event "Asia-ch U18 Girls"]
[Site "Tagaytay City"]
[Date "2024.10.17"]
[Round "7"]
[White "Ramas, Carmina Jasmine"]
[Black "Chen, Pin I"]
[Result "1-0"]
[WhiteElo "1731"]
[BlackElo "1617"]
[PlyCount "143"]
[EventDate "2024.10.13"]
[EventType "swiss"]
[EventRounds "9"]
[EventCountry "PHI"]
[SourceTitle "CB43_2024"]
[Source "Chessbase"]
[SourceDate "2024.10.23"]
[SourceVersion "1"]
[SourceVersionDate "2024.10.23"]
[SourceQuality "1"]

1. d4 d5 2. Bf4 Nf6 3. e3 e6 4. Nf3 Bd6 5. Bg3 0-0 6. Bd3 c5 7. c3 Qc7 8. Ne5 Nbd7 9. f4 b6 10. Nd2 a5 11. Bh4 Be7 12. g4 Ba6 13. Bc2 Bb7 14. Qf3 cxd4 15. exd4 Nxe5 16. fxe5 Ne4 17. Bxe7 Qxe7 18. Nxe4 dxe4 19. Bxe4 Bxe4 20. Qxe4 Qh4+ 21. Kd1 f5 22. exf6 Qxf6 23. Rc1 Rad8 24. Re1 Rfe8 25. Kc2 Rc8 26. Kb1 Qg6 27. Qxg6 hxg6 28. Re5 Kf7 29. g5 Rcd8 30. Rb5 Rd6 31. Re1 Ke7 32. Kc2 Kd7 33. Rf1 Kc6 34. Re5 Rd5 35. Rxd5 exd5 36. Kd3 Re7 37. a4 Kd6 38. b3 Kc6 39. c4 Kd6 40. h4 Kc6 41. Rh1 Kd6 42. h5 gxh5 43. Rxh5 Kc6 44. g6 dxc4+ 45. bxc4 Kd6 46. c5+ bxc5 47. Rxc5 Ra7 48. Kc4 Ke6 49. d5+ Kd6 50. Rc6+ Kd7 51. Kc5 Rb7 52. Rb6 Rc7+ 53. Kb5 Ra7 54. Ra6 Rb7+ 55. Kxa5 Kc7 56. Rc6+ Kb8 57. Rb6 Rxb6 58. Kxb6 Kc8 59. Kc6 Kd8 60. Kb7 Kd7 61. a5 Kd6 62. a6 Kxd5 63. a7 Ke6 64. a8Q Kf6 65. Qe8 Kg5 66. Qf7 Kh6 67. Kc6 Kg5 68. Kd5 Kh5 69. Ke4 Kh6 70. Kf4 Kh5 71. Qxg7 Kh4 72. Qh7# 1-0